| 000 -LEADER |
| fixed length control field |
01227cam a2200253 i 4500 |
| 001 - CONTROL NUMBER |
| control field |
18757979 |
| 005 - DATE AND TIME OF LATEST TRANSACTION |
| control field |
20221108164904.0 |
| 008 - FIXED-LENGTH DATA ELEMENTS--GENERAL INFORMATION |
| fixed length control field |
150824s20172017maua b 001 0 eng |
| 020 ## - INTERNATIONAL STANDARD BOOK NUMBER |
| International Standard Book Number |
9780133947649 X |
| 041 ## - LANGUAGE CODE |
| Language code of text/sound track or separate title |
eng |
| 080 ## - UNIVERSAL DECIMAL CLASSIFICATION NUMBER |
| Universal Decimal Classification number |
376.2 L-63 |
| 100 1# - MAIN ENTRY--PERSONAL NAME |
| Personal name |
Lewis, Rena B. |
| 9 (RLIN) |
12108 |
| 245 10 - TITLE STATEMENT |
| Title |
Teaching students with special needs in general education classrooms / |
| Statement of responsibility, etc. |
Rena B. Lewis, John J. Wheeler, Stacy L. Carter. |
| 250 ## - EDITION STATEMENT |
| Edition statement |
Ninth Edition. |
| 264 #1 - PRODUCTION, PUBLICATION, DISTRIBUTION, MANUFACTURE, AND COPYRIGHT NOTICE |
| Place of production, publication, distribution, manufacture |
Boston : |
| Name of producer, publisher, distributor, manufacturer |
Pearson, |
| Date of production, publication, distribution, manufacture, or copyright notice |
2017. |
| 300 ## - PHYSICAL DESCRIPTION |
| Extent |
331 pages : |
| Other physical details |
illustrations ; |
| Dimensions |
28 cm. |
| 653 ## - INDEX TERM--UNCONTROLLED |
| keyword |
სპეციალური საჭიროების მქონე სტუდენტების სწავლება ზოგადი განათლების საკლასო ოთახებში |
| 653 ## - INDEX TERM--UNCONTROLLED |
| keyword |
Обучение учащихся с особыми потребностями в общеобразовательных классах |
| 653 ## - INDEX TERM--UNCONTROLLED |
| keyword |
ინკლუზიური განათლება |
| 653 ## - INDEX TERM--UNCONTROLLED |
| keyword |
Инклюзивное образование |
| 700 1# - ADDED ENTRY--PERSONAL NAME |
| Personal name |
Wheeler, John J., |
| Relator term |
ავტორი |
| 9 (RLIN) |
12109 |
| 700 1# - ADDED ENTRY--PERSONAL NAME |
| Personal name |
Carter, Stacy L., |
| Relator term |
ავტორი |
| 9 (RLIN) |
12110 |
| 942 ## - ADDED ENTRY ELEMENTS (KOHA) |
| Source of classification or shelving scheme |
|
| Koha item type |
წიგნი |